[Event "Open"]
[Site "Granada ESP"]
[Date "2007.12.09"]
[Round "8"]
[White "Jimenez Capilla,M"]
[Black "Matamoros Franco,C"]
[Result "0-1"]
[WhiteElo "1978"]
[BlackElo "2525"]

1.e4 e6 2.d4 d5 3.Nd2 Nc6 4.Ngf3 Nf6 5.e5 Nd7 6.c3 Be7 7.Bd3 f6 8.exf6 Bxf6
9.O-O O-O 10.Qb3 Nb6 11.Re1 Qd6 12.a4 Nd7 13.Qc2 g6 14.b3 Ne7 15.Ba3 c5 16.dxc5 Nxc5
17.Bf1 e5 18.b4 Ne6 19.b5 Nc5 20.Rad1 Qc7 21.Bxc5 Qxc5 22.Nb3 Qc7 23.c4 Bg4
24.Be2 e4 25.Nfd4 Bxe2 26.Qxe2 Qxc4 27.Qxc4 dxc4 28.Nc5 Rfd8 29.Nde6 Rxd1
30.Rxd1 Kf7 31.Nd8+ Ke8 32.Nxe4 Be5 33.Nxb7 c3 34.f4 Bxf4 35.Nxc3 Rc8 36.Rd3 Be5
37.Ne4 Rc1+ 38.Kf2 Bxh2 39.Nf6+ Kf7 40.Nxh7 Nf5 41.Nd8+ Kg7 42.Rd7+ Kh6 43.Nf6 Kg5
44.Ne4+ Kf4 45.Nd2 Bg1+ 46.Ke2 Ra1 47.Ne6+ Kg3 48.Ne4+ Kg4 49.Nf6+ Kg3 50.Rd3+ Kxg2
51.Nf4+ Kh1 52.Rh3+ Bh2 53.Ng4 Ng3+ 54.Kf3 Ra3+ 55.Ne3 Nf5 56.Ng2 Kg1 57.Rh8 Be5
58.Rc8 Bd4 59.Rc1+ Kh2 60.Re1 g5 61.a5 Nxe3 62.Nxe3 Bxe3 63.Rxe3 g4+ 64.Kf4 Rxe3
65.Kxe3 g3 66.b6 axb6  0-1

[Event "ch-Marshall CC"]
[Site "New York USA"]
[Date "2007.12.09"]
[Round "5"]
[White "Pader,D"]
[Black "Sobo,H"]
[Result "1-0"]
[WhiteElo "2234"]
[BlackElo "2139"]

1.e4 e6 2.d4 d5 3.Nd2 Nc6 4.Ngf3 Nf6 5.e5 Nd7 6.Bd3 Nb4 7.Be2 c5 8.c3 Nc6
9.O-O cxd4 10.cxd4 f6 11.exf6 Qxf6 12.Nb3 Bd6 13.Bg5 Qf7 14.Rc1 O-O 15.Qd2 h6
16.Be3 Nf6 17.h3 Ne4 18.Qd3 Bd7 19.a3 b6 20.Nbd2 Nxd2 21.Qxd2 Rac8 22.b4 Ne7
23.Ba6 Rxc1 24.Rxc1 Ng6 25.Rc3 Qf5 26.Bd3 Qh5 27.Bxg6 Qxg6 28.Ne5 Qe8 29.Bxh6 Bxe5
30.dxe5 Qh5 31.Bg5 Bb5 32.f4 Bc4 33.Rf3 Qg6 34.Kh2 Rf7 35.Bh4 Qe4 36.Bf2 b5
37.Bd4 Rc7 38.f5 exf5 39.Qg5 Rf7 40.Rf4 Qe2 41.Rh4 Rd7 42.Qg6 Re7 43.Qh7+ Kf8
44.Qxf5+ Rf7 45.Rh8+ Ke7 46.Bc5+  1-0

[Event "UTD GM Invitational"]
[Site "Richardson USA"]
[Date "2007.12.12"]
[Round "9"]
[White "Panchanathan,M"]
[Black "Ramirez,Alej"]
[Result "1/2-1/2"]
[WhiteElo "2500"]
[BlackElo "2505"]

1.e4 e6 2.d4 d5 3.Nd2 Be7 4.Ngf3 Nf6 5.Bd3 c5 6.dxc5 dxe4 7.Nxe4 Nxe4 8.Bxe4 Qxd1+
9.Kxd1 Bxc5 10.Ke2 Nd7 11.Be3 Bxe3 12.Kxe3 Nc5 13.Rhd1 Nxe4 14.Kxe4 b6 15.Ke3 f6
16.Nd4 Bd7 17.f4 O-O-O 18.a4 Rhe8 19.Nb5 Kb8 20.c4 Bc6 21.g3 Rxd1 22.Rxd1 e5
23.f5 a6 24.Rd6 Kb7 25.b4 Re7 26.Nc3 Kc7 27.Re6 Rxe6 28.fxe6 Kd6 29.b5 Bb7
30.Nd5 axb5 31.e7 Kd7 32.Nxb6+ Kxe7 33.axb5 Kd6 34.Na4 Bg2 35.c5+ Kd5 36.c6 Kd6
37.Nc3 Bf1 38.g4 Bc4 39.Ne4+ Kc7 40.Nc3 Be6 41.h3 Kb6 42.Ke4 Kc5 43.Kf3 Kb6  1/2-1/2

[Event "Bundesliga 2007-8"]
[Site "Baden Baden GER"]
[Date "2007.12.15"]
[Round "3"]
[White "Parligras,M"]
[Black "Jackelen,T"]
[Result "1-0"]
[WhiteElo "2553"]
[BlackElo "2437"]

1.e4 e6 2.d4 d5 3.Nd2 Be7 4.Bd3 c5 5.dxc5 Nf6 6.Qe2 O-O 7.Ngf3 a5 8.O-O Na6
9.e5 Nd7 10.c3 Naxc5 11.Bc2 b5 12.a3 Qc7 13.Re1 Bb7 14.Nd4 b4 15.axb4 axb4
16.Rxa8 Rxa8 17.cxb4 Na6 18.b5 Nb4 19.Bb1 Na2 20.N2b3 Nxc1 21.Rxc1 Qb6 22.Qc2 g6
23.Qc7 Bc8 24.Qc6 Qa7 25.Rc3 Kg7 26.f4 Nb6 27.Bd3 Bd7 28.Qc7 Qxc7 29.Rxc7 Bd8
30.Rc2 Ra4 31.Nc6 Bxc6 32.bxc6 Rb4 33.Nd2 Na8 34.g3 Bb6+ 35.Kg2 Nc7 36.h4 Kf8
37.Nf3 Ke7 38.h5 Ra4 39.h6 Kf8 40.b3 Rb4 41.Rb2 Bc5 42.Kf1 Kg8 43.Ke2 Rb6
44.Rc2 Bf8 45.Nd4 Rb8 46.Nb5 Rc8 47.Nxc7 Rxc7 48.Ba6  1-0

[Event "XX Carlos Torre Magistral"]
[Site "Merida MEX"]
[Date "2007.12.15"]
[Round "1"]
[White "Aguirre Manzo,L"]
[Black "Gonzalez Garcia,J2"]
[Result "0-1"]
[WhiteElo "2102"]
[BlackElo "2541"]

1.e4 e6 2.d4 d5 3.Nd2 a6 4.Ngf3 c5 5.dxc5 Bxc5 6.Bd3 Nc6 7.O-O Nf6 8.Qe2 Qc7
9.h3 Ba7 10.Re1 dxe4 11.Nxe4 Nd5 12.Qd2 O-O 13.c4 Nde7 14.Qc3 e5 15.Ng3 f5
16.c5 e4 17.Bc4+ Kh8 18.Nh5 Ng6 19.Bh6 Rg8 20.Bxg8 Kxg8 21.Qc4+ Qf7 22.Qxf7+ Kxf7
23.Ng5+ Kg8 24.Bxg7 Bxc5 25.Nf6+ Kxg7 26.Ne8+ Kg8 27.Nf6+ Kh8 28.Nfxh7 Kg7
29.g3 Nge5 30.Kg2 Nd3 31.Rf1 Bd7 32.Rad1 Nce5 33.f4 Nc4  0-1

[Event "It"]
[Site "Podgorica MNE"]
[Date "2007.12.15"]
[Round "7"]
[White "Mijovic,S"]
[Black "Jacimovic,D"]
[Result "1/2-1/2"]
[WhiteElo "2228"]
[BlackElo "2412"]

1.e4 e6 2.d4 d5 3.Nd2 Nc6 4.Ngf3 Nf6 5.e5 Nd7 6.Be2 Be7 7.Nf1 O-O 8.Ne3 f6
9.exf6 Nxf6 10.O-O Bd6 11.c4 b6 12.b3 Ne7  1/2-1/2

[Event "7th Amplico AIG Life"]
[Site "Warsaw POL"]
[Date "2007.12.15"]
[Round "2"]
[White "Van Apeldoorn,J"]
[Black "Gurevich,M"]
[Result "0-1"]
[WhiteElo "2188"]
[BlackElo "2627"]

1.e4 e6 2.d4 d5 3.Nd2 a6 4.Ngf3 c5 5.exd5 exd5 6.c4 Nf6 7.Bd3 Nc6 8.O-O cxd4
9.Re1+ Be7 10.Nb3 Bg4 11.Bg5 O-O 12.Rc1 Re8 13.h3 Bh5 14.Bb1 dxc4 15.Rxc4 Qd5
16.Nbd2 Bxf3 17.Qc2 Qxg5 18.Nxf3 Bd6 19.Rxe8+ Rxe8 20.g4 Qf4  0-1

[Event "TCh-HUN 2007-8"]
[Site "Budapest HUN"]
[Date "2007.12.16"]
[Round "5"]
[White "Medvegy,N"]
[Black "Sebestyen,Ba"]
[Result "0-1"]
[WhiteElo "2369"]
[BlackElo "2273"]

1.e4 e6 2.d4 d5 3.Nd2 Nc6 4.Ngf3 Nf6 5.e5 Nd7 6.Nb3 a5 7.a4 b6 8.Bb5 Ncb8
9.Bg5 Be7 10.Bxe7 Qxe7 11.O-O O-O 12.Qe2 Ba6 13.c3 c6 14.Bxa6 Nxa6 15.h3 Nc7
16.Nh2 Rfb8 17.f4 b5 18.f5 exf5 19.Rxf5 bxa4 20.Nc1 a3 21.Rxa3 Nb5 22.Ra1 a4
23.Qf3 Nf8 24.Ng4 Ng6 25.g3 a3 26.bxa3 Rxa3 27.Rxa3 Nxa3 28.Ne2 Nc4 29.h4 Qe6
30.Nf2 Rb1+ 31.Kh2 Nd2 32.Qd3 Nf1+ 33.Kh3 Rb2 34.g4 Rxe2 35.Qxe2 Qxf5 36.Qxf1 Qf3+
37.Kh2 Nxh4 38.Kg1 Qg3+ 39.Kh1 Qf3+ 40.Kg1 Qxc3 41.Qb1 g6 42.Qb8+ Kg7 43.Qd6 Qe1+  0-1

[Event "TCh-HUN 2007-8"]
[Site "Budapest HUN"]
[Date "2007.12.16"]
[Round "5"]
[White "Horvath,Cs1"]
[Black "Emodi,G"]
[Result "1-0"]
[WhiteElo "2536"]
[BlackElo "2358"]

1.d4 e6 2.e4 d5 3.Nd2 a6 4.Ngf3 c5 5.exd5 exd5 6.Be2 Nc6 7.O-O c4 8.Re1 Be7
9.Nf1 Nf6 10.Ng3 O-O 11.c3 Be6 12.Qc2 Qd7 13.Bf4 b5 14.Rad1 Rae8 15.Ne5 Qc8
16.Bf3 Nd7 17.Nxc6 Qxc6 18.Nf5 Bd8 19.Re3 Bc7 20.Bxc7 Qxc7 21.Rde1 Nf6 22.g3 Qd7
23.Nh4 g6 24.Re5 Ng4 25.R5e2 Nf6 26.Bg2 Kg7 27.Qc1 h6 28.Nf3 Bf5 29.Ne5 Qc8
30.h4 Ne4 31.g4 Be6 32.g5 hxg5 33.hxg5 f6 34.gxf6+ Rxf6 35.Bxe4 dxe4 36.Rxe4 Bd5
37.Rh4 Rh8 38.Qg5 Qf5 39.Qxf5 gxf5 40.Rxh8 Kxh8 41.f3 a5 42.Kf2 b4 43.Nd7 Rh6
44.Kg3 Rg6+ 45.Kf4 Rg2 46.Kxf5 Bxf3 47.Re8+ Kg7 48.Re7+ Kg8 49.Ne5 Bd5 50.Rd7 Rf2+
51.Kg5 Be6 52.Rd6 Bf7 53.Rd8+ Kg7 54.Rd7 bxc3 55.bxc3 Kg8 56.Rxf7 Rxa2 57.Ra7  1-0

[Event "ch-Marshall CC"]
[Site "New York USA"]
[Date "2007.12.16"]
[Round "8"]
[White "Kopiecki,E"]
[Black "Sobo,H"]
[Result "0-1"]
[WhiteElo "2147"]
[BlackElo "2139"]

1.e4 e6 2.d4 d5 3.Nd2 Nc6 4.Ngf3 Nf6 5.e5 Nd7 6.c3 f6 7.Qa4 Be7 8.Bd3 O-O
9.Qc2 h6 10.exf6 Bxf6 11.O-O e5 12.Qb3 Nb6 13.a4 a5 14.Ne4 exd4 15.Nxf6+ Qxf6
16.cxd4 Bg4 17.Be4 Kh8 18.Bxd5 Nxd5 19.Qxd5 Rad8 20.Qe4 Bxf3 21.Qxf3 Qxf3
22.gxf3 Nxd4 23.Be3 Nxf3+ 24.Kg2 Rd6 25.Rfd1 Rg6+ 26.Kf1 Nxh2+ 27.Ke2 Ng4
28.Bc5 Re6+ 29.Kf1 Ne3+ 30.Bxe3 Rxe3 31.Rd7 Ref3 32.Rxc7 Rxf2+ 33.Kg1 Rxb2
34.Rd1 Re8 35.Kf1 Re4 36.Rd8+ Kh7 37.Rdd7 Rf4+ 38.Ke1 Rg4 39.Kf1 b6 40.Rb7 h5
41.Rd5 h4 42.Rh5+ Kg6 43.Rb5 Rxb5 44.axb5 Rf4+ 45.Kg2 Rf6 46.Kh3 Kh5 47.Rxg7 Rf3+
48.Kg2 Rg3+ 49.Rxg3 hxg3 50.Kxg3 Kg5 51.Kf3 Kf5 52.Ke3 Ke5 53.Kd3 Kd5 54.Kc3 Kc5  0-1

[Event "VI Memorial Pereyra"]
[Site "Mendoza ARG"]
[Date "2007.12.18"]
[Round "5"]
[White "Cejas,J"]
[Black "Rodriguez Vila,A"]
[Result "1-0"]
[WhiteElo "2322"]
[BlackElo "2541"]

1.e4 e6 2.d4 d5 3.Nd2 Be7 4.Ngf3 Nf6 5.exd5 exd5 6.Bd3 O-O 7.O-O b6 8.b3 a5
9.Bb2 a4 10.c4 Nc6 11.Ne5 Nb4 12.Bb1 a3 13.Bc3 Bb7 14.Qf3 g6 15.Rd1 Ra7 16.Qe3 Re8
17.Qf4 Rf8 18.Qh6 Na6 19.Ndf3 Ne4 20.Bxe4 dxe4 21.d5 exf3 22.Nxf3 f6 23.Ng5 Rf7
24.Nxf7 Qd7 25.Qh4 h5 26.Ng5 Qg4 27.Qxg4 hxg4 28.Re1 Kf8 29.Ne6+ Kf7 30.Re2 Ra8
31.Rae1 Bd6 32.Nd4 Rh8 33.g3 Bc8 34.Ne6  1-0

[Event "57th ch-RUS w"]
[Site "Moscow RUS"]
[Date "2007.12.19"]
[Round "2"]
[White "Shadrina,T"]
[Black "Matveeva,S"]
[Result "1-0"]
[WhiteElo "2379"]
[BlackElo "2433"]

1.e4 e6 2.d4 d5 3.Nd2 a6 4.Ngf3 c5 5.Bd3 Nc6 6.dxc5 Bxc5 7.Qe2 Nb4 8.Nb3 Nxd3+
9.Qxd3 Bb6 10.exd5 Qxd5 11.Qxd5 exd5 12.O-O Nf6 13.Re1+ Ne4 14.Be3 Bc7 15.Nfd4 O-O
16.f3 Nf6 17.Bg5 Nh5 18.Bd2 Bd7 19.Re7 Rfd8 20.Ba5 b6 21.Bb4 a5 22.Ba3 Rac8
23.g3 Nf6 24.Rae1 Ne8 25.Nc1 Nd6 26.R1e5 Be6 27.Rg5 h6 28.Nxe6 hxg5 29.Rxc7 Rxc7
30.Nxc7 Nc4 31.Nb5 Re8 32.Kf2 g4 33.Nd6 Rd8 34.Nxc4 dxc4 35.Ne2 Rd2 36.c3 f5
37.fxg4 fxg4 38.Ke1 Rd5 39.Nf4 Rd7 40.Ng2 Rd5 41.Ne3 Re5 42.Kf2 Re4 43.Bd6 a4
44.Bf4 b5 45.a3 Kf7 46.Nxg4 g5 47.Be3 Kg6 48.Kf3 Re8 49.Nf2 Rh8 50.h3 Kf5
51.Ne4 Rxh3 52.Nd6+ Ke5 53.Nxb5 Rh2 54.Bxg5 Rxb2 55.Nd4 Rb1 56.Be7 Rf1+ 57.Ke3 Kd5
58.Nf3 Rd1 59.Kf4 Ke6 60.Bb4 Rd7 61.Ne5 Rc7 62.g4 Rc8 63.Ke4 Rg8 64.Bc5 Rg5
65.Bd4 Rg8 66.Nxc4 Rxg4+ 67.Kd3 Rg2 68.Nb6 Kd6 69.Kc4 Kc6 70.Nxa4 Rg8 71.Nb6 Rg2
72.Nd5 Rb2 73.Nb4+ Kb7 74.a4 Rb1 75.Kb5 Rf1 76.c4 Rf5+ 77.Nd5 Rh5 78.a5 Rh6
79.Bf6 Rh5 80.a6+ Ka7 81.Bd4+ Kb8 82.Kb6 Rh6+ 83.Bf6 Rh7 84.Be5+  1-0

[Event "37th Rilton Cup"]
[Site "Stockholm SWE"]
[Date "2007.12.28"]
[Round "2"]
[White "Kotronias,V"]
[Black "Berczes,D"]
[Result "1/2-1/2"]
[WhiteElo "2614"]
[BlackElo "2430"]

1.e4 e6 2.d4 d5 3.Nd2 Nc6 4.Ngf3 Nf6 5.e5 Nd7 6.c3 f6 7.Bb5 a6 8.Bxc6 bxc6
9.O-O fxe5 10.dxe5 Be7 11.Nd4 Nxe5 12.Qh5+ Nf7 13.Nxc6 Qd6 14.Nxe7 Qxe7 15.Re1 e5
16.f4 O-O 17.fxe5 Ng5 18.Nb3 Ne4 19.Be3 Bf5 20.Nd4 Bg6 21.Qd1 Kh8 22.e6 c5
23.Ne2 Qd6 24.b4 c4 25.e7 Rf7 26.Nf4 Rxf4 27.Bxf4 Qxf4 28.Qxd5 Re8 29.Qxc4 Rxe7
30.Qd4 Re8 31.c4 h5 32.c5 h4 33.c6 Rc8 34.Rac1 Bf5 35.Rc5 h3 36.Rxf5 Qxf5
37.Rxe4 Rxc6 38.Re8+ Kh7 39.Qh4+ Kg6 40.Qg3+ Kf7 41.Re1 hxg2 42.Qxg2 Rg6
43.Rf1 Qxf1+ 44.Kxf1 Rxg2 45.Kxg2 Ke6 46.Kf3 Kd5 47.a4 Kc4 48.b5 axb5 49.axb5 Kxb5
50.Ke4 Kc6 51.Kf5 Kd6 52.Kg6 Ke5 53.Kxg7  1/2-1/2

[Event "37th Rilton Cup"]
[Site "Stockholm SWE"]
[Date "2007.12.28"]
[Round "2"]
[White "Carlsson,P"]
[Black "Hess,C1"]
[Result "1-0"]
[WhiteElo "2481"]
[BlackElo "2283"]

1.e4 e6 2.d4 d5 3.Nd2 Be7 4.Ngf3 Nf6 5.e5 Nfd7 6.Bd3 c5 7.c3 b6 8.Qe2 a5
9.Bb5 Na6 10.Nf1 Nc7 11.Bd3 Ba6 12.Ng3 Bxd3 13.Qxd3 c4 14.Qe3 h6 15.h4 b5
16.Nh5 g6 17.Nf4 Nb6 18.h5 g5 19.Ne2 Kd7 20.Nh2 Qg8 21.O-O Qh7 22.Ng3 Kc6
23.Ng4 Rag8 24.Qf3 Nd7 25.Rd1 Rf8 26.b3 Nb6 27.Bd2 Qc2 28.Ne3 Qb2 29.Ngf1 Bd8
30.a4 Qxb3 31.Rdb1 bxa4 32.Rxb3 cxb3 33.c4 b2 34.cxd5+ Ncxd5 35.Rb1 g4 36.Nxg4 Nc4
37.Qd3 Nxd2 38.Nxd2  1-0

[Event "Premier"]
[Site "Hastings ENG"]
[Date "2007.12.29"]
[Round "2"]
[White "Satyapragyan,S"]
[Black "Pert,N"]
[Result "1/2-1/2"]
[WhiteElo "2404"]
[BlackElo "2539"]

1.e4 e6 2.d4 d5 3.Nd2 Be7 4.Bd3 c5 5.dxc5 Nf6 6.Qe2 O-O 7.Ngf3 a5 8.O-O Na6
9.e5 Nd7 10.Nd4 Ndxc5 11.N2f3 Bd7 12.Be3 Nb4 13.a3 Nbxd3 14.cxd3 a4 15.Rac1 b6
16.Rc3 f5 17.Qd2 h6 18.Ne1 Qe8  1/2-1/2

[Event "37th Rilton Cup"]
[Site "Stockholm SWE"]
[Date "2007.12.29"]
[Round "3"]
[White "Nithander,V"]
[Black "Kockum,A"]
[Result "1-0"]
[WhiteElo "2367"]
[BlackElo "2206"]

1.e4 e6 2.d4 d5 3.Nd2 Nc6 4.Ngf3 Nf6 5.e5 Nd7 6.Be2 f6 7.exf6 Nxf6 8.O-O Bd6
9.c4 O-O 10.c5 Bf4 11.Bb5 Nb8 12.Nb3 Ne4 13.Bxf4 Rxf4 14.Ne5 Nd7 15.Bxd7 Bxd7
16.f3 Bb5 17.Re1 Ng5 18.Qd2 Rf8 19.a4 Be8 20.Nc1 a5 21.Ncd3 Qf6 22.Qe3 h5
23.b3 Rd8 24.h4 Nh7 25.g3 Ra8 26.Ra2 Ra6 27.Nf4 g5 28.hxg5 Qxg5 29.Rg2 Rf6
30.Kf2 Rh6 31.Rh1 Nf8 32.Nxd5 Qxe3+ 33.Nxe3 b5 34.N3g4 hxg4 35.Rxh6 bxa4
36.bxa4 Bxa4 37.Rh4 Kg7 38.Rxg4+ Kf6 39.Rf4+  1-0

[Event "Premier"]
[Site "Hastings ENG"]
[Date "2008.01.02"]
[Round "6"]
[White "Jones,G"]
[Black "Rendle,T"]
[Result "1/2-1/2"]
[WhiteElo "2567"]
[BlackElo "2397"]

1.e4 e6 2.d4 d5 3.Nd2 Nc6 4.Ngf3 Nf6 5.e5 Nd7 6.Be2 f6 7.exf6 Qxf6 8.Nf1 Bd6
9.Ne3 O-O 10.O-O Qg6 11.c4 Nf6 12.b3 Ne4 13.Bb2 Kh8 14.a3 Bd7 15.b4 Qh6 16.b5 Ne7
17.Ng4 Qh5 18.Nge5 Qe8 19.Bd3 Nf5 20.Qe2 Bxe5 21.Nxe5 Ned6 22.c5 Nf7 23.a4 Nxe5
24.dxe5 a6 25.Rfc1 axb5 26.axb5 Rxa1 27.Rxa1 Qe7 28.Qc2 Qg5 29.c6 bxc6 30.bxc6 Be8
31.Bxf5 Rxf5 32.Ra8 Rf8 33.g3 Rg8 34.h4 Qg6 35.Qc5 Qb1+ 36.Bc1 d4 37.Rd8 Qe4
38.Rxd4 Qxc6 39.Qxc6 Bxc6 40.Rc4 Bd5 41.Rxc7 h5 42.Kf1 Kh7 43.Ke2 Rb8 44.Bd2 Rb7
45.Rc8 Kg6 46.f3 Rf7 47.Rc3  1/2-1/2

[Event "Premier"]
[Site "Hastings ENG"]
[Date "2008.01.04"]
[Round "8"]
[White "Gormally,D"]
[Black "Pert,N"]
[Result "1/2-1/2"]
[WhiteElo "2484"]
[BlackElo "2539"]

1.e4 e6 2.d4 d5 3.Nd2 Be7 4.e5 c5 5.Qg4 Kf8 6.dxc5 Nd7 7.Ngf3 h5 8.Qg3 h4
9.Qf4 g5 10.Qe3 Bxc5 11.Qe2 g4 12.Ng1 Bd4 13.Qxg4 Bxe5 14.Ngf3 Bg7 15.Qb4+ Qe7
16.Qxe7+ Nxe7 17.Nb3 b6 18.Bb5 Ne5 19.Nxe5 Bxe5 20.O-O Ng6 21.Re1 Bf6 22.Bd3  1/2-1/2

[Event "2nd ACP World Rapid Cup"]
[Site "Odessa UKR"]
[Date "2008.01.05"]
[Round "1.2"]
[White "Svidler,P"]
[Black "Shabalov,A"]
[Result "1-0"]
[WhiteElo "2763"]
[BlackElo "2622"]

1.e4 e6 2.d4 d5 3.Nd2 Be7 4.Bd3 c5 5.dxc5 Nf6 6.exd5 Qxd5 7.Ngf3 Nbd7 8.O-O Nxc5
9.Bc4 Qh5 10.Re1 Ncd7 11.b3 O-O 12.Bb2 b5 13.Be2 Qc5 14.c4 b4 15.Bd3 Bb7
16.Ne4 Qc7 17.Qc2 h6 18.Rad1 Rad8 19.Nxf6+ Bxf6 20.Bxf6 Nxf6 21.Ne5 Qc5 22.Qe2 Rd6
23.Bc2 Rfd8 24.Rxd6 Rxd6 25.Nd3 Qg5 26.f3 Nd7 27.Qe3 Qa5 28.Bb1 e5 29.h3 f6
30.Kh1 Rd4 31.Nc1 Qc5 32.Bf5 Qd6 33.Ne2 Rd2 34.Be6+ Kh7 35.Bd5 Rxd5 36.cxd5 Qxd5
37.Rc1 a5 38.Ng3  1-0

[Event "TCh-BEL 2007-8"]
[Site "Belgium BEL"]
[Date "2008.01.06"]
[Round "6"]
[White "Abergel,T"]
[Black "Fiebig,T"]
[Result "1/2-1/2"]
[WhiteElo "2517"]
[BlackElo "2388"]

1.e4 e6 2.d4 d5 3.Nd2 Be7 4.Bd3 c5 5.dxc5 Nf6 6.Qe2 O-O 7.Ngf3 a5 8.exd5 exd5
9.O-O Bg4 10.h3 Bh5 11.g4 Bg6 12.Bxg6 hxg6 13.Nb3 Nbd7 14.Be3 a4 15.Nbd4 Bxc5
16.Rad1 Qb6 17.c3 Rac8 18.Rfe1 Rfe8 19.Qb5 Qxb5 20.Nxb5 Bxe3 21.fxe3 Rc5
22.Na3 Nb6 23.Rd4 Ne4 24.Rb4 Nc4 25.Nxc4 Rxc4 26.Rxb7 a3 27.Rb1 axb2 28.R1xb2 Rxc3
29.R7b3 f6 30.Nd4 Kh7 31.Kg2 Ra8 32.Ne2  1/2-1/2

[Event "TCh-BEL 2007-8"]
[Site "Belgium BEL"]
[Date "2008.01.06"]
[Round "6"]
[White "Wantiez,F"]
[Black "Wiley,To"]
[Result "1/2-1/2"]
[WhiteElo "2311"]
[BlackElo "2332"]

1.e4 e6 2.d4 d5 3.Nd2 Nc6 4.Ngf3 Nf6 5.e5 Nd7 6.Bb5 a6 7.Bxc6 bxc6 8.Nb3 c5
9.dxc5 Nxc5 10.Bg5 Be7 11.Nxc5 Bxg5 12.Nxg5 Qxg5 13.Qd4 Qxg2 14.O-O-O Qg5+
15.f4 Qe7 16.f5 exf5 17.Qxd5 Rb8 18.Qc6+ Kf8 19.Rhe1 h5 20.Rd7 Bxd7 21.Nxd7+ Kg8
22.Nxb8 Qb4 23.Rg1 Qxb8 24.Qf6 Qf8 25.Qg5 g6 26.e6 Kh7 27.Qf6 Qg7 28.Qe7 fxe6
29.Qxe6 Rb8 30.c3 Rb6 31.Qe8 Rd6 32.Re1 Rd7 33.Qe6 Rd6 34.Qe8 Rd7 35.Qe6 Rd6
36.Qe8 Rd7  1/2-1/2

[Event "Premier"]
[Site "Hastings ENG"]
[Date "2008.01.06"]
[Round "10"]
[White "Jones,G"]
[Black "Pert,N"]
[Result "1/2-1/2"]
[WhiteElo "2567"]
[BlackElo "2539"]

1.e4 e6 2.d4 d5 3.Nd2 Be7 4.Ngf3 Nf6 5.e5 Nfd7 6.Bd3 c5 7.O-O cxd4 8.Nb3 Nc6
9.Re1 Nc5 10.Nxc5 Bxc5 11.Ng5 Bb4 12.Qf3 Qe7 13.Re2 h6 14.Nh7 Qh4 15.Bf4 Bf8
16.Bg3 Qe7 17.Qg4 Nb4 18.Bb5+ Bd7 19.Nf6+ gxf6 20.exf6 Qxf6 21.Be5 Qg5 22.Bxd7+ Kxd7
23.Qxg5 hxg5 24.Bxh8 Rc8 25.c3 dxc3 26.Bxc3 Nc6 27.Rd1 Bc5 28.g3 b5 29.Kg2 d4
30.f4 gxf4 31.gxf4 f6 32.Be1 Kd6 33.Bh4 Rf8 34.Rde1 Nd8 35.Bg3 Kd5 36.h4 Bd6
37.h5 Rh8 38.Bh4 Be7 39.Rh1 Rxh5  1/2-1/2

[Event "TCh-AUT 1st Bundesliga 2007-8"]
[Site "Jenbach AUT"]
[Date "2008.01.12"]
[Round "6"]
[White "Sandhu,M"]
[Black "Buhmann,R"]
[Result "0-1"]
[WhiteElo "2308"]
[BlackElo "2570"]

1.e4 e6 2.d4 d5 3.Nd2 Nc6 4.Ngf3 Nf6 5.e5 Nd7 6.Nb3 f6 7.exf6 Qxf6 8.Bg5 Qf7
9.Bb5 Bd6 10.O-O O-O 11.Bh4 Nf6 12.Bg3 Ne4 13.Ne5 Nxe5 14.Bxe5 Bxe5 15.dxe5 b6
16.Bc6 Rb8 17.f3 Nc5 18.Nd4 Bd7 19.c3 Qe8 20.Bxd7 Qxd7 21.Qe2 Nb7 22.Qb5 Qxb5
23.Nxb5 c6 24.Nd4 Nd8 25.f4 Rb7 26.g4 c5 27.Ne2 Nc6 28.h4 h5 29.gxh5 Rbf7
30.Kg2 Kh7 31.Rae1 Rf5 32.Rg1 Rxh5 33.Kh3 Ne7 34.Ng3 Rh6 35.Ref1 Ng6 36.f5 Nxh4
37.Kg4 Nxf5 38.Nxf5 Rg6+  0-1

[Event "TCh-AUT 1st Bundesliga 2007-8"]
[Site "Jenbach AUT"]
[Date "2008.01.12"]
[Round "6"]
[White "Platzgummer,F"]
[Black "Schmittdiel,E"]
[Result "0-1"]
[WhiteElo "2174"]
[BlackElo "2417"]

1.e4 e6 2.d4 d5 3.Nd2 a6 4.Bd3 c5 5.dxc5 Bxc5 6.Ngf3 Nf6 7.O-O Nc6 8.exd5 Qxd5
9.a3 b5 10.b4 Bb6 11.Bb2 Bb7 12.Nb3 Qh5 13.Nfd4 Nxd4 14.Qxh5 Nxh5 15.Bxd4 Bxd4
16.Nxd4 Nf4 17.Rfd1 Nxg2 18.Nxb5 axb5 19.Bxb5+ Kf8 20.Rd7 Bf3 21.c4 Nf4 22.c5 Ne2+
23.Bxe2 Bxe2 24.c6 Ke8 25.Rb7 h5 26.f4 Ba6 27.Rc7 Rh6 28.Rd1 Bb5 29.Kf2 e5
30.Rd5 Rxc6 31.Rxe5+ Kf8 32.Rxh5 Rxc7 33.Rh8+ Ke7 34.Rxa8 Rc2+ 35.Ke3 Rxh2
36.Ra5 Bd7 37.b5 Rb2 38.a4 Rb4 39.Ra7 Kd6 40.Ra6+ Kc5 41.Ra7 Rb3+ 42.Kd2 Be6
43.Kc2 Rf3 44.Rc7+ Kb6 45.Rc6+ Kb7 46.a5 Bd5 47.Rd6 Be4+ 48.Kd2 Rxf4 49.Ke3 g5
50.Rd4 f5 51.Rd7+ Kc8 52.Rg7 Rf3+ 53.Kd4 Ra3 54.Rxg5 Rxa5 55.Kc5 Kd7 56.Kb4 Ra1
57.b6 Kc6 58.Rg6+ Kd5 59.Rg3 Rb1+ 60.Ka5 f4  0-1

[Event "6th Parsvnath Open"]
[Site "New Delhi IND"]
[Date "2008.01.13"]
[Round "1"]
[White "Biswajit,Naik"]
[Black "Girinath,P"]
[Result "0-1"]
[WhiteElo "1880"]
[BlackElo "2430"]

1.e4 e6 2.d4 d5 3.Nd2 a6 4.Ngf3 c5 5.c3 Nc6 6.exd5 exd5 7.dxc5 Bxc5 8.Nb3 Bb6
9.Be2 Nf6 10.O-O O-O 11.Bg5 Re8 12.Re1 Bxf2+ 13.Kxf2 Ne4+ 14.Kg1 Nxg5 15.Nxg5 Qxg5
16.Bxa6 Bg4 17.Be2 h5 18.a3 Qe3+ 19.Kf1 Qf4+ 20.Kg1 Rxe2 21.Rxe2 Qa4 22.Kf2 Bxe2
23.Kxe2 Qf4 24.Qd3 Re8+ 25.Kd1 Re3 26.Qd2 Ne5 27.g3 Qf3+ 28.Kc1 Re2 29.Nd4 Qh1+
30.Qd1 Nd3+  0-1

[Event "6th Parsvnath Open"]
[Site "New Delhi IND"]
[Date "2008.01.14"]
[Round "3"]
[White "Venkatesh,M"]
[Black "Praveen Kumar,C1"]
[Result "1/2-1/2"]
[WhiteElo "2444"]
[BlackElo "2255"]

1.e4 e6 2.d4 d5 3.Nd2 Be7 4.Ngf3 Nf6 5.e5 Nfd7 6.Bd3 c5 7.c3 Nc6 8.O-O a5
9.Re1 cxd4 10.cxd4 Qb6 11.Nb1 Nxd4 12.Nxd4 Qxd4 13.Nc3 Bc5 14.Be3 Qh4 15.Na4 Bb4
16.Re2 O-O 17.Bd4 Kh8 18.Bb5 f6 19.Bxd7 Bxd7 20.exf6 gxf6 21.Nb6 Rad8 22.Nxd7 Rxd7
23.Rxe6 Re7 24.g3 Qg5 25.Qe2 Rff7 26.Re1 Qf5 27.a3 Bd6 28.Qe3 Be5 29.Rxe7 Rxe7
30.Qh6 Kg8 31.Qd2 Re6 32.Bxe5 Rxe5 33.Rxe5 Qxe5 34.Qxa5 Kg7 35.Qb4 d4 36.Qxb7+ Kg6
37.Qf3 Qe1+ 38.Kg2 Qd2 39.Qe4+ Kg7 40.Qe7+ Kg6 41.Qe4+  1/2-1/2

[Event "115th ch-NZL"]
[Site "Auckland NZL"]
[Date "2008.01.15"]
[Round "1"]
[White "Hart,R"]
[Black "Garbett,P"]
[Result "1/2-1/2"]
[WhiteElo "2174"]
[BlackElo "2338"]

1.d4 e6 2.e4 d5 3.Nd2 a6 4.Ngf3 Nf6 5.Bd3 c5 6.exd5 Qxd5 7.O-O cxd4 8.Nb3 Nc6
9.Nbxd4 Nxd4 10.Nxd4 Be7 11.Re1 O-O 12.Be3 b5 13.Be2 e5 14.Nb3 Bb7 15.Qxd5 Bxd5
16.c3 Rfc8 17.f4 Bxb3 18.axb3 Nd5 19.Bf2 e4 20.Bd4 f5 21.g3 Nc7 22.b4 Ne6
23.Be3 g5 24.Red1 gxf4 25.gxf4 Kf7 26.Rd7 Rc6 27.Bh5+ Kf8 28.Rd5 Ng7 29.Be2 Rd8
30.Rxd8+ Bxd8 31.Rd1 Ne6 32.Rd5 Bc7 33.Rxf5+ Kg7 34.Bg4  1/2-1/2

[Event "6th Parsvnath Open"]
[Site "New Delhi IND"]
[Date "2008.01.15"]
[Round "5"]
[White "Waqar,A"]
[Black "Praveen Kumar,C1"]
[Result "0-1"]
[WhiteElo "2055"]
[BlackElo "2255"]

1.e4 e6 2.d4 d5 3.Nd2 Be7 4.Bd3 c5 5.c3 Nf6 6.e5 Nfd7 7.Ne2 Nc6 8.Nf3 g5
9.h3 h5 10.Be3 cxd4 11.cxd4 Nb6 12.a3 Bd7 13.g3 Nc4 14.Bc1 a5 15.b3 Nb6 16.h4 g4
17.Ng5 a4 18.b4 Na7 19.Nf4 Qc7 20.Bd2 Nc4 21.Nxf7 Kxf7 22.Bg6+ Kf8 23.Bxh5 Rxh5
24.Nxh5 Nxe5 25.O-O Nf3+ 26.Kg2 Kf7 27.Bf4 Qc3 28.Be5 Rc8 29.Qb1 Qc2 30.Qxc2 Rxc2
31.Rfc1 Rc4 32.Nf4 Nb5 33.Ne2 Bf6 34.Ng1 Nbxd4 35.Bxf6 Kxf6 36.Nxf3 Nxf3
37.Rxc4 dxc4 38.Rc1 Bc6 39.Kf1 Ke5 40.Ke2 Kd4 41.h5 Be4 42.Rh1 c3 43.Rd1+ Nd2
44.h6 Bd3+  0-1

[Event "Open A"]
[Site "Prague CZE"]
[Date "2008.01.16"]
[Round "7"]
[White "Marholev,D"]
[Black "Srba,M"]
[Result "1-0"]
[WhiteElo "2401"]
[BlackElo "2209"]

1.e4 e6 2.d4 d5 3.Nd2 Nc6 4.Ngf3 Nf6 5.e5 Nd7 6.Bb5 a5 7.c3 Na7 8.Bd3 c5
9.h4 h6 10.O-O g5 11.h5 cxd4 12.cxd4 g4 13.Nh2 Nc6 14.Qxg4 Qb6 15.Ndf3 a4
16.Qf4 a3 17.bxa3 Ra4 18.Rb1 Qa7 19.Bb2 Bxa3 20.Bb5 Rb4 21.Bxa3 Qxa3 22.Rxb4 Qxb4
23.a4 Kf8 24.Ng4 Kg7 25.Rc1 Ncb8 26.Nxh6 Qe7 27.Nxf7  1-0

[Event "6th Parsvnath Open"]
[Site "New Delhi IND"]
[Date "2008.01.18"]
[Round "8"]
[White "Amanov,Z"]
[Black "Natarajan,C"]
[Result "1-0"]
[WhiteElo "2366"]
[BlackElo "2226"]

1.e4 e6 2.d4 d5 3.Nd2 Be7 4.Bd3 c5 5.dxc5 Bxc5 6.Ngf3 Nf6 7.Qe2 Nc6 8.e5 Nd7
9.Nb3 Be7 10.c3 Qc7 11.Bf4 g5 12.Nxg5 Ndxe5 13.O-O Bd6 14.Bg3 Nxd3 15.Qxd3 f6
16.Bxd6 Qxd6 17.Ne4 Qe7 18.Ng3 O-O 19.f4 Qf7 20.Rad1 Kh8 21.f5 Ne5 22.Qe2 exf5
23.Nd4 Qg6 24.Ngxf5 Bd7 25.Rf4 Rae8 26.Rdf1 Nf7 27.Ne7 Qg7 28.Rxf6 Bg4 29.Qe3 Bd7
30.Ne6 Bxe6 31.Rxe6 Rd8 32.Nf5 d4 33.cxd4 Qg5 34.Rf4 Rg8 35.Ng3 Nh6 36.Qe5+ Qxe5
37.Rxe5 Rg6 38.Re7 Rb6 39.b3 Ng8 40.Rc7 Nf6 41.Rf7 Nd5 42.Rh4 Nf6 43.Rh6 Ne8
44.Rxb6 axb6 45.Rxb7 Kg8 46.Nf5  1-0

[Event "IMB2"]
[Site "Marianske Lazne CZE"]
[Date "2008.01.19"]
[Round "1"]
[White "Rudolf,An"]
[Black "Nilsson,S"]
[Result "0-1"]
[WhiteElo "2242"]
[BlackElo "2201"]

1.e4 e6 2.d4 d5 3.Nd2 Be7 4.Ngf3 Nf6 5.e5 Nfd7 6.Bd3 c5 7.c3 Nc6 8.O-O a5
9.Re1 cxd4 10.cxd4 g5 11.Nb3 g4 12.Nfd2 a4 13.Nc5 Nxc5 14.dxc5 h5 15.Nf1 Bxc5
16.Be3 Bxe3 17.Rxe3 Bd7 18.f4 Qb6 19.Qd2 O-O-O 20.Rc1 Kb8 21.Kh1 Nb4 22.Bb1 Bc6
23.a3 d4 24.Ree1 Nd5 25.Rc4 Ne3 26.Rb4 Qc5 27.Rc1 Nxf1 28.Rxf1 h4 29.Rc1 Qd5
30.Re1 d3 31.Rb6 h3 32.Rxc6 Qxc6 33.Re3 hxg2+ 34.Kg1 Rxh2  0-1